Dead Disney Actors - Statistics

General Stats
  • This quiz has been taken 9 times
  • The average score is 5 of 13
Answer Stats
Hint Answer % Correct
Baloo in The Jungle Book Phil Harris
71%
Mr. Potato Head in Toy Story Don Rickles
57%
Doc Hudson in Cars Paul Newman
57%
Anton Ego in Ratatouille Peter O'Toole
57%
Slinky Dog in Toy Story Jim Varney
43%
Dentist in Finding Nemo Bill Hunter
29%
Dicker in The Incredibles and Chuckles the Clown in Toy Story 3 Bud Luckey
29%
Voice of Mirage in The Incredibles Elizabeth Pena
29%
Voice of Fillmore in Cars George Carlin
29%
Lizzy in Cars Katherine Helmond
29%
Voice of Sarge in Toy Story R. Lee Ermey
29%
Voice of Jacques in Finding Nemo Joe Ronft
14%
Stinky Pete the Prospector in Toy Story 2 Vittorio Amandola
14%
No matching quizzes found
Score Distribution
Percent of People with Each Score
Percentile by Number Answered
Your Score History
You have not taken this quiz